000 00400nam a2200157Ia 4500
005 20250411013356.0
008 240331s9999 xx 000 0 und d
020 _a9559564633
082 _bHOR
_a323
100 _aHoreshash,A
245 0 _aGini avi saha gini keli 2-3
260 _aColombo
_bPublished by the author
_c1995
300 _a102 p .,
500 _aStory About Weapon and War
942 _cL
999 _c2359
_d2359